000 01152nam a2200289 i 4500
001 93396
003 ES-MaACL
005 20250907063053.0
007 t|
008 050526s1961 sp ||||1| spa d
080 _a730 Planes, José (083.82)
100 1 _aPlanes, José,
_d1891-1974
_992554
245 1 0 _aPlanes
_b: [exposición, Sala de Santa Catalina del Ateneo de Madrid, 22 de febrero-12 de marzo de 1961 /
_c[Texto: Salvador Jiménez].
260 _aMadrid :
_bEditora Nacional,
_c[1961]
300 _a[36] p. :
_bprincipalmente il. n. ;
_c21 cm.
490 1 _aCuadernos de arte. Colección ordinaria ;
_v73
600 1 4 _aPlanes, José,
_d1891-1974-
_vExposiciones
_992555
610 2 7 _aAteneo de Madrid-
_vExposiciones-
_y1960-1969.
_91920
655 7 _2tgfbne
_9193628
_aCatálogos de exposiciones
700 1 _aJiménez, Salvador.
_966439
710 2 _aAteneo de Madrid.
_bSala de Santa Catalina.
_91964
830 0 _aCuadernos de arte. Colección ordinaria
_v73
_9180064
852 _aES-MaACL
_j2191-F-18
_bR.136049
_996816
_cDEPOF
852 _aES-MaACL
_jG-13297(4)
_996815
_cSPP3
942 _2udc
999 _c93396
_d93396